Quizzle III - Fruit & Veg - Statistics

General Stats
  • This quiz has been taken 8 times
  • The average score is 13 of 21
Answer Stats
Hint Answer % Correct
Ap_____ Apple
100%
Car_____ Carrot
88%
Cab_____ Cabbage
75%
Gr_____ Grape
75%
Asp_____ Asparagus
63%
Blac_____ Blackberry
63%
Grap_____ Grapefruit
63%
Li_____ Lime
63%
Pap_____ Papaya
63%
Ras_____ Raspberry
63%
Stra_____ Strawberry
63%
Bro_____ Broccoli
50%
Coc_____ Coconut
50%
Cuc_____ Cucumber
50%
Le_____ Lemon
50%
On_____ Onion
50%
Pep_____ Pepper
50%
Roc_____ Rocket
50%
Sw_____ Swede
50%
Tan_____ Tangerine
50%
Tur_____ Turnip
50%
No matching quizzes found
Score Distribution
Percent of People with Each Score
Percentile by Number Answered
Your Score History
You have not taken this quiz